000 00392nam a2200145Ia 4500
008 230917s9999||||xx |||||||||||||| ||und||
040 _e188766
_aMAIN
041 _aEnglish
082 _a362.1068 R765H
100 _aRout, Himanshi Sekhar
245 0 _aHealth care systems: A global survey
260 _aNew Delhi
_bNew Century Publications
_c2011
300 _axxiii, 619 p.
942 _cBK
999 _c158691
_d158691